Changing economic relationships in Southeast Asian agriculture, and their implications for small farmers (Record no. 45716)

MARC details
000 -LEADER
fixed length control field 00405nam a2200133Ia 4500
100 ## - MAIN ENTRY--AUTHOR NAME
Personal name Barlow C
245 #0 - TITLE STATEMENT
Title Changing economic relationships in Southeast Asian agriculture, and their implications for small farmers
260 ## - PUBLICATION, DISTRIBUTION, ETC. (IMPRINT)
Name of publisher Outlook on Agriculture
Year of publication 1986
300 ## - PHYSICAL DESCRIPTION
Number of Pages 167-178
520 ## - SUMMARY, ETC.
Summary, etc Agriculture Economics
700 ## - ADDED ENTRY--PERSONAL NAME
Personal name Condie C
942 ## - ADDED ENTRY ELEMENTS (KOHA)
Koha item type Reprints
Holdings
Withdrawn status Lost status Damaged status Not for loan Home library Current library Date acquired Serial Enumeration / chronology Koha item type
      Reprints RRII Library RRII Library 22/12/2021 Volume 15, Issue 4 Reprints